000 00369pab a2200133 454500
008 180718b xxu||||| |||| 00| 0 eng d
100 _aSatya Narain
245 _aIndia's economic reforms: world context
362 _a32(25), 7 May 1994, p.11-14,26
650 _a Economic Planning -- India
650 _aIndia -- Economic Policy
773 _aMainstream
909 _a26811
999 _c26811
_d26811